Statistiques concernant Formes de Pays Simplifiées N°2

Cliquez ici pour prendre le quiz!

Statistiques générales

  • Ce quiz a été pris 78 fois
  • Le résultat moyen est 15 sur 20

Statistiques - réponses

Réponse% Correct
Royaume-Uni
99%
Espagne
96%
Égypte
92%
Norvège
89%
Argentine
88%
Nouvelle-Zélande
85%
Philippines
84%
Thaïlande
84%
Viêt Nam
84%
Maroc
81%
Russie
78%
Autriche
77%
Ukraine
74%
Iran
68%
Pakistan
68%
Kazakhstan
66%
Éthiopie
62%
Panama
62%
Venezuela
57%
Cameroun
45%

Distribution des résultats

Percentile par nombre de réponses

% des personnes avec chaque résultat

Votre développement - résultats

Vous n’avez pas pris ce quiz